000 00868nam a2200229Ii 4500
003 JO-AjNU
008 230605s9999||||xx |||||||||||||| ||und||
020 _a9959-818-38-1
040 _aJO-AjNU
_bara
_erda
_cJO-AjNU
041 _aara
050 1 4 _aQ175.S52412 2004
100 3 _a شابي، ددلي محرر ؛ ترجمة احمد الحصادي ,
_eauthor
_97740
245 0 0 _aإشكاليات فلسفية في العلم الطبيعي=PHILOSOPHICAL PROBLEMS OF NATURAL SCIENCE، ج1+2
250 _aط1
264 3 1 _aليبا:دار الكتب الوطنية ، 2004
300 _a264ص ج1من صفحة 81-173,ج2من صفحة189-245
336 _atext
_btxt
_2rdacontent
337 _aunmediated
_bn
_2rdamedia
338 _avolume
_bnc
_2rdacarrier
490 0 _aبحوث في تدريس العلوم1
650 4 _aالفيزياء - فلسفة
_97741
999 _aA433
_c4001
_d4001